Rural development : (Record no. 184591)

MARC details
000 -LEADER
fixed length control field 01166nam a2200325 a 4500
001 - CONTROL NUMBER
control field vtls000182525
003 - CONTROL NUMBER IDENTIFIER
control field NLI
005 - DATE AND TIME OF LATEST TRANSACTION
control field 20210602110134.0
008 - FIXED-LENGTH DATA ELEMENTS--GENERAL INFORMATION
fixed length control field 101125s1974 iau 101 0 eng
020 ## - INTERNATIONAL STANDARD BOOK NUMBER
International Standard Book Number 0813814804
039 #9 - LEVEL OF BIBLIOGRAPHIC CONTROL AND CODING DETAIL [OBSOLETE]
-- 201011252207
-- VLOAD
040 ## - CATALOGING SOURCE
Original cataloging agency NLI
Language of cataloging eng
Transcribing agency Datasoft 1
Description conventions AACR2
041 0# - LANGUAGE CODE
Language code of text/sound track or separate title eng
044 ## - COUNTRY OF PUBLISHING/PRODUCING ENTITY CODE
MARC country code iau
082 04 - DEWEY DECIMAL CLASSIFICATION NUMBER
Classification number 338.109
100 1# - MAIN ENTRY--PERSONAL NAME
Personal name Hewes, Laurence Ilsley,
Dates associated with a name 1902-
9 (RLIN) 348698
245 10 - TITLE STATEMENT
Title Rural development :
Remainder of title world frontiers /
Statement of responsibility, etc. Laurence Hewes
260 ## - PUBLICATION, DISTRIBUTION, ETC.
Place of publication, distribution, etc. Ames :
Name of publisher, distributor, etc. Iowa State University Press,
Date of publication, distribution, etc. 1974
300 ## - PHYSICAL DESCRIPTION
Extent xxviii, 186 p. ;
Dimensions 23 cm.
504 ## - BIBLIOGRAPHY, ETC. NOTE
Bibliography, etc. note Includes bibliographical references and index
650 #0 - SUBJECT ADDED ENTRY--TOPICAL TERM
Topical term or geographic name entry element Agriculture
General subdivision Economic aspects
Geographic subdivision Developing countries
9 (RLIN) 192496
650 #0 - SUBJECT ADDED ENTRY--TOPICAL TERM
Topical term or geographic name entry element International economic integration
9 (RLIN) 66546
650 #0 - SUBJECT ADDED ENTRY--TOPICAL TERM
Topical term or geographic name entry element Rural development
9 (RLIN) 52279
711 2# - ADDED ENTRY--MEETING NAME
Meeting name or jurisdiction name as entry element Conference on Expanding World Needs for Food and Fiber and the Protection of the Ecosystem
Date of meeting or treaty signing (1971 :
Location of meeting Center for the Study of Democratic Institutions)
9 (RLIN) 348699
887 ## - NON-MARC INFORMATION FIELD
Content of non-MARC field
901 ## - LOCAL DATA ELEMENT A, LDA (RLIN)
a G28372
b 12.09.1977
902 ## - LOCAL DATA ELEMENT B, LDB (RLIN)
a E 338.109 H 492
942 ## - ADDED ENTRY ELEMENTS (KOHA)
Source of classification or shelving scheme Dewey Decimal Classification
Koha item type Books
949 ## - LOCAL PROCESSING INFORMATION (OCLC)
-- VIRTUAITEM
-- 10000
-- 100
6 GXX000028372ENG
Holdings
Withdrawn status Lost status Damaged status Not for loan Collection code Home library Current library Shelving location Date acquired Total Checkouts Full call number Barcode Date last seen Price effective from Koha item type
        New English National Library of India National Library of India New English - Main Stack Division     E 338.109 H 492 GXX000028372ENG 02/06/2021 02/06/2021 Books
                                                                           
web counter

Copyright ©2020 The National Library of India, Govt. of India ↔ Hosted by NVLI, MOC ↔ Technology and Design by National Library of India, Ministry of Culture, Govt. of India